| 000 | 00636na a2200229 4500 | ||
|---|---|---|---|
| 001 | 16588 | ||
| 003 | MIRAKIL | ||
| 005 | 20181213154832.0 | ||
| 008 | 161011b tu 000 0 | ||
| 040 |
_aMilas _btur _cTR-AnCHP |
||
| 041 | _atur | ||
| 082 |
_a956.51133 _bB66 2005 |
||
| 090 | _a956.51133 B66 2005 | ||
| 245 |
_aBir milletin kaderinin değiştiği yer _bHaymana _chaz. Meryem Başhan, Serpil Bal |
||
| 246 | _aHaymana | ||
| 260 |
_a[Haymana] _b[yayl.y.] _c2006 |
||
| 300 |
_a[60] s. _bfotg. _c27 sm. |
||
| 651 |
_aHaymana (Ankara) _yKılavuzlar |
||
| 700 | _aBal, Serpil | ||
| 700 | _aBaşhan, Meryem | ||
| 942 |
_2ddc _cBKS |
||
| 999 |
_c1724 _d1724 |
||